000 00586nam a2200229Ia 4500
003 OSt
005 20221005035027.0
006 a|||||r|||| 00| 0
007 ta
008 221004b |||||||| |||| 00| 0 eng d
024 _a29123
037 _cTextual
040 _aCRL
_cCRL
_beng
041 _2eng
_aeng
100 _aGokhale BK
_9587904
245 0 _aStudy of political theory
260 _aDelhi
_bHimalaya Publishing House India
_c1979
300 _axii,594p.
_ccm.
650 _aPOLITICAL SCIENCE
942 _cTEXL
_2cc
999 _c944495
_d944495